[Event "Redmond PNWCC Schev 1"]
[Site "Redmond"]
[Date "2023.08.20"]
[Round "4.2"]
[White "Cozianu, Costin"]
[Black "He, Anthony B"]
[Result "0-1"]
[WhiteElo "2356"]
[BlackElo "2501"]
[PlyCount "120"]
[EventDate "2023.08.19"]
[EventType "schev"]
[EventRounds "10"]
[EventCountry "USA"]
[SourceTitle "EXT 2024"]
[Source "ChessBase"]
[SourceDate "2023.10.10"]
[SourceVersion "1"]
[SourceVersionDate "2023.10.10"]
[SourceQuality "1"]
[WhiteTeam "Masters"]
[BlackTeam "Challengers"]
[WhiteTeamCountry "USA"]
[BlackTeamCountry "USA"]

1. c4 e5 2. Nc3 Bb4 3. g3 Bxc3 4. dxc3 d6 5. e4 Nc6 6. Bg2 Be6 7. b3 Qd7 8. Nf3 Bh3 9. 0-0 Bxg2 10. Kxg2 Nge7 11. Nh4 0-0 12. Qd3 a5 13. a4 b6 14. f4 exf4 15. Bxf4 f6 16. Nf5 Rae8 17. Rae1 Ng6 18. Re2 Kh8 19. Be3 Nge5 20. Qc2 Qf7 21. Bd4 Nd7 22. Ne3 Nc5 23. Nd5 Qd7 24. h3 Ne6 25. Be3 Ne5 26. Ref2 Nf7 27. h4 Ne5 28. Bd4 Ng4 29. Re2 Nc5 30. b4 Ne6 31. b5 Nd8 32. Rf4 Ne5 33. Bxe5 Rxe5 34. Rf5 Nf7 35. Ref2 Rfe8 36. Rxe5 Nxe5 37. Qe2 Nf7 38. Qf3 Re5 39. g4 Kg8 40. Kf1 Qe6 41. Re2 h6 42. Ke1 Kf8 43. Nf4 Qxc4 44. Ng6+ Ke8 45. Nxe5 Nxe5 46. Qf5 Qxc3+ 47. Kf2 Kd8 48. g5 hxg5 49. hxg5 Qd4+ 50. Kf1 Qd1+ 51. Kf2 Qxa4 52. gxf6 gxf6 53. Qxf6+ Kc8 54. Qe6+ Kb8 55. Qg8+ Ka7 56. Qd5 Qa3 57. Rc2 Ng4+ 58. Ke2 Qe3+ 59. Kf1 Qf3+ 60. Ke1 Qh1+ 0-1

[Event "USA tt"]
[Site "ICC INT"]
[Date "2015.09.22"]
[Round "5"]
[White "Gorovets, Andrey"]
[Black "Cozianu, Costin"]
[Result "1-0"]
[WhiteElo "2515"]
[BlackElo "2439"]
[PlyCount "137"]
[EventDate "2015.08.25"]
[EventType "team-swiss"]
[EventRounds "10"]
[EventCountry "USA"]
[SourceTitle "EXT 2016"]
[Source "ChessBase"]
[SourceDate "2015.10.08"]
[SourceVersion "1"]
[SourceVersionDate "2015.10.08"]
[SourceQuality "1"]
[WhiteTeam "Lubbock"]
[BlackTeam "Seattle"]
[WhiteTeamCountry "USA"]
[BlackTeamCountry "USA"]

1. e4 e5 2. Nf3 Nc6 3. Bb5 a6 4. Ba4 Nf6 5. Qe2 b5 6. Bb3 Bc5 7. d3 d6 8. c3 Bb6 9. 0-0 Be6 10. Be3 Bxe3 11. fxe3 Bxb3 12. axb3 0-0 13. Nbd2 d5 14. b4 dxe4 15. Nxe4 Nxe4 16. dxe4 Qe7 17. Rfd1 Rfd8 18. Rd5 Qe6 19. Qd3 h6 20. Rd1 Rd6 21. Rxd6 cxd6 22. Qd5 Qxd5 23. Rxd5 Rd8 24. Kf2 Kf8 25. Ke2 Ke7 26. Rd1 Rb8 27. Ra1 Rb6 28. g4 Ke6 29. h4 g6 30. Rf1 Ne7 31. g5 h5 32. Nd2 Nc6 33. Nb3 Ke7 34. Nc1 Nd8 35. Nd3 Rc6 36. Kd2 Ne6 37. b3 Nf8 38. Ra1 Nd7 39. Ne1 Rb6 40. Kd3 Ke6 41. Nc2 f6 42. Rg1 fxg5 43. Rxg5 Kf7 44. Rg1 Nf6 45. Ne1 Nh7 46. Nf3 Kg7 47. Nd2 Kh6 48. Nf3 Rb7 49. Ra1 Rf7 50. Ke2 g5 51. Rxa6 gxh4 52. Rxd6+ Rf6 53. Nxe5 h3 54. Rxf6+ Nxf6 55. Nf3 Nxe4 56. c4 Kg6 57. cxb5 Nc3+ 58. Kf2 Nxb5 59. Kg3 Nd6 60. Nd4 Kf6 61. b5 Ke5 62. b6 Ke4 63. Kxh3 Nb7 64. Nc2 Kd3 65. Kh4 Nd6 66. Na3 Nb7 67. Nc4 Kc3 68. e4 Kxb3 69. Nd6 1-0

[Event "Washington op"]
[Site "Lynnwood"]
[Date "2015.05.23"]
[Round "2"]
[White "Cozianu, Costin"]
[Black "Zhang, Derek"]
[Result "1-0"]
[WhiteElo "2395"]
[BlackElo "2043"]
[PlyCount "73"]
[EventDate "2015.05.23"]
[EventType "swiss"]
[EventRounds "6"]
[EventCountry "USA"]
[SourceTitle "EXT 2017"]
[Source "ChessBase"]
[SourceDate "2016.10.25"]
[SourceVersion "1"]
[SourceVersionDate "2016.10.25"]
[SourceQuality "1"]

1. e4 e6 2. d4 d5 3. e5 c5 4. c3 Nc6 5. Nf3 Qb6 6. a3 a5 7. Bd3 Bd7 8. 0-0 cxd4 9. cxd4 Nxd4 10. Nxd4 Qxd4 11. Nc3 Qb6 12. Kh1 Ne7 13. Qe2 Nc6 14. Nb5 Nxe5 15. Be3 Qd8 16. Rac1 Bxb5 17. Bxb5+ Nc6 18. Rxc6 bxc6 19. Bxc6+ Ke7 20. Bc5+ Kf6 21. Bd4+ Ke7 22. Bc5+ Kf6 23. Qf3+ Kg6 24. Qg3+ Qg5 25. Qxg5+ Kxg5 26. Be3+ Kf5 27. Bxa8 Bxa3 28. Bxd5 Bxb2 29. Bb3 Bc3 30. Rc1 Bb4 31. h3 Re8 32. g4+ Ke5 33. Kg2 g6 34. f4+ Ke4 35. Kf2 Kd3 36. Rc7 Be1+ 37. Kf3 1-0

[Event "USA tt"]
[Site "ICC INT"]
[Date "2013.10.31"]
[Round "10"]
[White "Kraai, Jesse"]
[Black "Cozianu, Costin"]
[Result "1-0"]
[WhiteElo "2514"]
[BlackElo "2439"]
[PlyCount "79"]
[EventDate "2013.08.27"]
[EventType "team-tourn"]
[EventRounds "10"]
[EventCountry "USA"]
[SourceTitle "EXT 2014"]
[Source "ChessBase"]
[SourceDate "2013.11.20"]
[SourceVersion "1"]
[SourceVersionDate "2013.11.20"]
[SourceQuality "1"]
[WhiteTeam "San Francisco"]
[BlackTeam "Seattle"]
[WhiteTeamCountry "USA"]
[BlackTeamCountry "USA"]

1. Nf3 g6 2. e4 c5 3. c4 Bg7 4. d4 cxd4 5. Nxd4 Nc6 6. Be3 Nf6 7. Nc3 Ng4 8. Qxg4 Nxd4 9. Qd1 Ne6 10. Rc1 b6 11. Be2 Bb7 12. f3 Qb8 13. Qd2 Qe5 14. 0-0 g5 15. Rfd1 Rd8 16. Nb5 g4 17. f4 Qxe4 18. Bd3 Qc6 19. Nxa7 Qc7 20. Nb5 Qc6 21. b4 h5 22. f5 Nc7 23. Nc3 Bxc3 24. Rxc3 h4 25. Bd4 f6 26. b5 Qd6 27. Qe3 h3 28. g3 Ra8 29. Rd2 Bf3 30. Be4 Bxe4 31. Qxe4 Qb4 32. Bxf6 Rf8 33. Be5 d5 34. Qxg4 Rxa2 35. Qg6+ Rf7 36. Qc6+ Kf8 37. Qh6+ Ke8 38. Rxa2 Qb1+ 39. Qc1 Qxa2 40. Rc2 1-0

[Event "USA tt"]
[Site "ICC INT"]
[Date "2013.09.03"]
[Round "2"]
[White "Cozianu, Costin"]
[Black "Amanov, Zhanibek"]
[Result "0-1"]
[WhiteElo "2439"]
[BlackElo "2361"]
[PlyCount "72"]
[EventDate "2013.08.27"]
[EventType "team-tourn"]
[EventRounds "10"]
[EventCountry "USA"]
[SourceTitle "CBM 156 Extra"]
[Source "ChessBase"]
[SourceDate "2013.10.22"]
[SourceVersion "1"]
[SourceVersionDate "2013.10.22"]
[SourceQuality "1"]
[WhiteTeam "Seattle"]
[BlackTeam "Los Angeles"]
[WhiteTeamCountry "USA"]
[BlackTeamCountry "USA"]

1. e4 e5 2. Nf3 Nc6 3. Bb5 a6 4. Ba4 Nf6 5. d3 b5 6. Bb3 Bc5 7. a4 Rb8 8. axb5 axb5 9. 0-0 d6 10. c3 0-0 11. Bg5 h6 12. Bh4 g5 13. Bg3 Bg4 14. h3 Bh5 15. Nbd2 Qd7 16. Qc1 Bg6 17. Re1 Rfe8 18. Nf1 Kg7 19. Qd2 Bb6 20. h4 g4 21. N3h2 Nh5 22. Bd1 f5 23. exf5 Bxf5 24. Kh1 Rf8 25. f3 Qe7 26. fxg4 Nxg3+ 27. Nxg3 Bg6 28. g5 Bf2 29. Ne4 Bxh4 30. gxh6+ Kh8 31. Bb3 Bxe1 32. Qxe1 Bf7 33. Bxf7 Rxf7 34. Nf3 Rg8 35. Qe3 Rf5 36. Nf2 Qf7 0-1

[Event "USA tt"]
[Site "ICC INT"]
[Date "2012.09.24"]
[Round "4"]
[White "Margvelashvili, Giorgi"]
[Black "Cozianu, Costin"]
[Result "1-0"]
[WhiteElo "2570"]
[BlackElo "2439"]
[PlyCount "79"]
[EventDate "2012.09.04"]
[EventType "team-tourn"]
[EventRounds "10"]
[EventCountry "USA"]
[SourceTitle "CBM 150 Extra"]
[Source "ChessBase"]
[SourceDate "2012.10.19"]
[SourceVersion "1"]
[SourceVersionDate "2012.10.19"]
[SourceQuality "1"]
[WhiteTeam "Baltimore"]
[BlackTeam "Seattle"]
[WhiteTeamCountry "USA"]
[BlackTeamCountry "USA"]

1. d4 Nf6 2. Nf3 g6 3. c4 Bg7 4. Nc3 0-0 5. Bg5 d6 6. e3 h6 7. Bh4 Qe8 8. Be2 Na6 9. Nd2 c5 10. d5 Nc7 11. e4 Bd7 12. a4 a6 13. a5 Rb8 14. 0-0 b5 15. axb6 Rxb6 16. Qc2 Qb8 17. b3 e5 18. Rfb1 Qb7 19. Nd1 Rb8 20. Nb2 Qc8 21. Nd3 Nh7 22. f3 Bf6 23. Bf2 a5 24. Rxa5 Na6 25. h4 h5 26. g3 Nb4 27. Nxb4 Rxb4 28. Be3 g5 29. hxg5 Bxg5 30. f4 Bh6 31. Qd3 exf4 32. Bxf4 Bxf4 33. gxf4 Bg4 34. Ra2 f6 35. Nf1 R4b7 36. Bxg4 Rg7 37. Ne3 Kh8 38. Rg2 hxg4 39. Nf5 Rg6 40. e5 1-0

[Event "Washington State-ch"]
[Site "Seattle"]
[Date "2011.02.20"]
[Round "7"]
[White "Cozianu, Costin"]
[Black "Perez, Ignacio"]
[Result "1-0"]
[WhiteElo "2446"]
[BlackElo "2249"]
[PlyCount "57"]
[EventDate "2011.02.11"]
[EventType "tourn"]
[EventRounds "9"]
[EventCountry "USA"]
[EventCategory "1"]
[SourceTitle "EXT 2017"]
[Source "ChessBase"]
[SourceDate "2016.10.25"]
[SourceVersion "1"]
[SourceVersionDate "2016.10.25"]
[SourceQuality "1"]

1. e4 d6 2. g3 Nd7 3. Bg2 e5 4. Ne2 c6 5. c3 h5 6. h4 Ngf6 7. d4 Be7 8. Nd2 0-0 9. Nc4 Re8 10. Bg5 Qc7 11. Qc2 Bf8 12. dxe5 dxe5 13. Bf3 b6 14. Ne3 g6 15. g4 hxg4 16. Bxg4 Nh7 17. 0-0-0 Nc5 18. Bxc8 Qxc8 19. Rdg1 Qa6 20. b4 Nxg5 21. hxg5 Nd3+ 22. Kb1 Rad8 23. Ng4 Bg7 24. Rg3 Nf4 25. Nf6+ Bxf6 26. gxf6 Rd3 27. Nxf4 Rxg3 28. fxg3 exf4 29. Qh2 1-0

[Event "Washington State-ch"]
[Site "Seattle"]
[Date "2011.02.12"]
[Round "2"]
[White "Cozianu, Costin"]
[Black "Greninger, Harley"]
[Result "0-1"]
[WhiteElo "2446"]
[BlackElo "2215"]
[PlyCount "58"]
[EventDate "2011.02.11"]
[EventType "tourn"]
[EventRounds "9"]
[EventCountry "USA"]
[EventCategory "1"]
[SourceTitle "EXT 2017"]
[Source "ChessBase"]
[SourceDate "2016.10.25"]
[SourceVersion "1"]
[SourceVersionDate "2016.10.25"]
[SourceQuality "1"]

1. e4 e6 2. d4 d5 3. e5 c5 4. c3 Nc6 5. Nf3 Qb6 6. a3 c4 7. Nbd2 Na5 8. g3 Bd7 9. Bh3 Be7 10. 0-0 h5 11. Ne1 g5 12. Bg2 h4 13. gxh4 gxh4 14. Bh3 0-0-0 15. Kh1 Nh6 16. Ng2 Rdg8 17. Ne3 f5 18. exf6 Bxf6 19. f4 Qd6 20. a4 Nf5 21. Nxf5 exf5 22. Nf3 Nb3 23. Ra3 Rg4 24. Ne5 Bxe5 25. fxe5 Qg6 26. Bf4 Rg8 27. e6 Qxe6 28. Bxg4 fxg4 29. Qe1 g3 0-1

[Event "Washington State-ch"]
[Site "Seattle"]
[Date "2011.02.12"]
[Round "1"]
[White "Sinanan, Joshua C"]
[Black "Cozianu, Costin"]
[Result "1/2-1/2"]
[WhiteElo "2276"]
[BlackElo "2446"]
[PlyCount "27"]
[EventDate "2011.02.11"]
[EventType "tourn"]
[EventRounds "9"]
[EventCountry "USA"]
[EventCategory "1"]
[SourceTitle "EXT 2017"]
[Source "ChessBase"]
[SourceDate "2016.10.25"]
[SourceVersion "1"]
[SourceVersionDate "2016.10.25"]
[SourceQuality "1"]

1. d4 d5 2. c4 c6 3. Nf3 e6 4. e3 Nf6 5. b3 Bb4+ 6. Nbd2 Nbd7 7. a3 Bd6 8. Bb2 b6 9. Bd3 Bb7 10. 0-0 0-0 11. Ne5 Qe7 12. f4 Rfd8 13. Qe2 c5 14. Ndf3 1/2-1/2

[Event "USA tt qf"]
[Site "ICC INT"]
[Date "2010.11.03"]
[Round "1"]
[White "Cozianu, Costin"]
[Black "Barcenilla, Rogelio"]
[Result "1-0"]
[WhiteElo "2439"]
[BlackElo "2518"]
[PlyCount "163"]
[EventDate "2010.11.01"]
[EventType "team-match"]
[EventRounds "1"]
[EventCountry "USA"]
[SourceTitle "EXT 2011"]
[Source "ChessBase"]
[SourceDate "2010.11.26"]
[SourceVersion "1"]
[SourceVersionDate "2010.11.26"]
[SourceQuality "1"]
[WhiteTeam "Seattle"]
[BlackTeam "Arizona"]
[WhiteTeamCountry "USA"]
[BlackTeamCountry "USA"]

1. d4 Nf6 2. Nf3 g6 3. c4 Bg7 4. g3 d6 5. Bg2 0-0 6. 0-0 Nc6 7. d5 Na5 8. Nfd2 c5 9. Nc3 a6 10. Rb1 Bd7 11. Qc2 Qc7 12. b3 b5 13. Bb2 Rab8 14. Nd1 bxc4 15. bxc4 Rb4 16. Bc3 Rxb1 17. Qxb1 Ng4 18. Qa1 Bxc3 19. Qxc3 Rb8 20. h3 Nf6 21. Ne3 Rb4 22. a3 Rb8 23. g4 h6 24. f4 Nh7 25. Be4 Ba4 26. Bc2 Bxc2 27. Qxc2 Rb7 28. Rb1 Rxb1+ 29. Qxb1 Qb7 30. Qc2 Qb6 31. Kf2 Nb7 32. Ne4 Na5 33. Nd2 Nb7 34. Ke1 Nf8 35. Kd1 Na5 36. Qc3 Nd7 37. Kc2 Nb7 38. Nd1 Qa5 39. Qb3 Nd8 40. h4 Nb6 41. Nc3 Kh7 42. Kb2 Kg8 43. Ka2 Nd7 44. g5 h5 45. Qc2 Nf8 46. Nf3 Nd7 47. Nd1 Nb6 48. Nb2 Nd7 49. e4 Nf8 50. Qd3 Qc7 51. f5 Kh7 52. Nd1 Nd7 53. Qc3 Nb7 54. Nf2 Qa5 55. Qb3 Nd8 56. Nd3 Kg8 57. Qc2 Nf8 58. Nf4 Kg7 59. fxg6 fxg6 60. Qb2+ Kg8 61. e5 dxe5 62. Nxe5 Nf7 63. Nexg6 Nxg6 64. Nxg6 Qe1 65. Qb8+ Kg7 66. Qf8+ Kxg6 67. Qg8+ Kf5 68. Qxf7+ Kg4 69. Qe6+ Qxe6 70. dxe6 Kf5 71. Kb3 Kxe6 72. Kc3 Kf5 73. Kd3 a5 74. a4 e6 75. Ke3 Ke5 76. g6 Kf6 77. Kf4 Kxg6 78. Ke5 Kf7 79. Kd6 Kf6 80. Kxc5 Ke7 81. Kc6 Kf6 82. c5 1-0

[Event "USA tt"]
[Site "ICC INT"]
[Date "2010.09.27"]
[Round "6"]
[White "Cozianu, Costin"]
[Black "Benjamin, Joel"]
[Result "1-0"]
[WhiteElo "2439"]
[BlackElo "2556"]
[PlyCount "109"]
[EventDate "2010.08.23"]
[EventType "team"]
[EventRounds "10"]
[EventCountry "USA"]
[SourceTitle "CBM 138 Extra"]
[Source "ChessBase"]
[SourceDate "2010.10.29"]
[SourceVersion "1"]
[SourceVersionDate "2010.10.29"]
[SourceQuality "1"]

1. e4 c6 2. d4 d5 3. exd5 cxd5 4. Bd3 Nc6 5. c3 Qc7 6. Ne2 Bg4 7. f3 Bd7 8. Bg5 e5 9. Nd2 Bd6 10. Nb3 Nge7 11. Qd2 f6 12. Bh4 0-0 13. Bg3 a5 14. a4 Qb6 15. Bb5 Nb8 16. Bf2 e4 17. fxe4 Bxb5 18. axb5 Qxb5 19. e5 fxe5 20. dxe5 Bxe5 21. Nbd4 Qd7 22. 0-0 Nbc6 23. Nf3 Bd6 24. Rfd1 Rae8 25. c4 Rxf3 26. gxf3 Qh3 27. Bg3 Ne5 28. Qc3 Bc5+ 29. Kh1 Nxc4 30. Nf4 Qf5 31. Rxd5 Nxd5 32. Qxc4 b6 33. Qxd5+ Qxd5 34. Nxd5 Re2 35. b4 axb4 36. Rb1 Rd2 37. Nxb4 Kf7 38. Na6 Bd4 39. Nc7 g5 40. Nd5 h5 41. Nxb6 h4 42. Bb8 Rf2 43. Nc4 Rxf3 44. Ne5+ Bxe5 45. Bxe5 g4 46. Kg1 Re3 47. Rf1+ Kg6 48. Rf6+ Kh7 49. Bf4 Re4 50. Bg5 g3 51. h3 Kg7 52. Rf4 Re1+ 53. Kg2 Re2+ 54. Kf3 Rf2+ 55. Ke3 1-0

[Event "Washington State-ch"]
[Site "Redmond"]
[Date "2009.02.15"]
[Round "7"]
[White "Cozianu, Costin"]
[Black "Collyer, Curt D"]
[Result "1-0"]
[WhiteElo "2439"]
[BlackElo "2259"]
[PlyCount "81"]
[EventDate "2009.02.07"]
[EventType "tourn"]
[EventRounds "9"]
[EventCountry "USA"]
[EventCategory "1"]
[SourceTitle "EXT 2017"]
[Source "ChessBase"]
[SourceDate "2016.10.25"]
[SourceVersion "1"]
[SourceVersionDate "2016.10.25"]
[SourceQuality "1"]

1. d4 e6 2. c4 f5 3. g3 Nf6 4. Bg2 Be7 5. Nf3 0-0 6. 0-0 d6 7. Nc3 Qe8 8. Re1 Qg6 9. e4 fxe4 10. Nxe4 Nxe4 11. Rxe4 Nc6 12. Qe2 Bf6 13. Bd2 e5 14. dxe5 Nxe5 15. Nxe5 Bxe5 16. Bc3 Bxc3 17. bxc3 Bd7 18. Re7 Rae8 19. Bd5+ Kh8 20. Bxb7 c6 21. Rxe8 Bxe8 22. c5 dxc5 23. Ba6 Qf6 24. Qe3 Bg6 25. Qxc5 Be4 26. Qe3 Bd5 27. Bf1 Qf5 28. Bg2 h6 29. Bxd5 Qxd5 30. Qd4 Qa5 31. a4 Rf3 32. Re1 Qf5 33. Re8+ Kh7 34. Re7 Qg5 35. Qe4+ Qf5 36. Qd4 Qg5 37. Rxg7+ Qxg7 38. Qe4+ Qg6 39. Qxf3 Qe6 40. Qe3 Qd7 41. Qe4+ 1-0

[Event "ROM-chT"]
[Site "Sovata"]
[Date "1998.??.??"]
[Round "5"]
[White "Cozianu, Costin"]
[Black "Rogozenco, Dorian"]
[Result "0-1"]
[WhiteElo "2420"]
[BlackElo "2495"]
[PlyCount "108"]
[EventDate "1998.??.??"]
[EventType "team"]
[EventRounds "5"]
[EventCountry "ROU"]
[SourceTitle "EXT 1999"]
[Source "ChessBase"]
[SourceDate "1998.11.16"]
[SourceVersion "1"]
[SourceVersionDate "1998.11.16"]
[SourceQuality "1"]

1. d4 Nf6 2. c4 c5 3. d5 b5 4. cxb5 a6 5. bxa6 Bxa6 6. Nc3 g6 7. Nf3 d6 8. e4 Bxf1 9. Kxf1 Bg7 10. h3 Nbd7 11. Kg1 0-0 12. Kh2 Qa5 13. Re1 Rfb8 14. Re2 Ne8 15. Bf4 Bxc3 16. bxc3 Qxc3 17. e5 Qc4 18. Bg3 Nb6 19. Qd2 Qxd5 20. Qh6 Nd7 21. Rd2 Qc6 22. exd6 Nxd6 23. Rad1 Nf5 24. Qf4 Nxg3 25. Rxd7 Nf5 26. Rc7 Qa4 27. Qxa4 Rxa4 28. Rd2 Rba8 29. g4 Nd4 30. Nxd4 cxd4 31. Rxe7 Rxa2 32. Ree2 Rxd2 33. Rxd2 Rd8 34. Kg3 Kg7 35. Kf4 Kf6 36. Ke4 Ke6 37. h4 f5+ 38. gxf5+ gxf5+ 39. Kf4 Kf6 40. Rd3 h5 41. Rd2 Rd7 42. Rd3 Rd6 43. f3 Rd5 44. Rd1 d3 45. Ke3 Ke5 46. f4+ Kd6 47. Kd2 Rd4 48. Ra1 Kd5 49. Ra8 Ke4 50. Rh8 Ra4 51. Re8+ Kxf4 52. Kxd3 Re4 53. Rh8 Kg4 54. Rf8 Re7 0-1

[Event "ROM-chT"]
[Site "Timisu de Sus"]
[Date "1998.??.??"]
[Round "4"]
[White "Florean, Andrei"]
[Black "Cozianu, Costin"]
[Result "1/2-1/2"]
[WhiteElo "2450"]
[BlackElo "2425"]
[PlyCount "73"]
[EventDate "1998.11.??"]
[EventType "team"]
[EventRounds "5"]
[EventCountry "ROU"]
[SourceTitle "EXT 2000"]
[Source "ChessBase"]
[SourceDate "1999.11.16"]
[SourceVersion "1"]
[SourceVersionDate "1999.11.16"]
[SourceQuality "1"]

1. e4 e5 2. Nf3 Nc6 3. d4 exd4 4. Nxd4 Bc5 5. Be3 Qf6 6. c3 Nge7 7. Bc4 Ne5 8. Be2 d5 9. 0-0 dxe4 10. Nb5 Bd6 11. Nxd6+ Qxd6 12. Qa4+ Bd7 13. Qxe4 Bc6 14. Qd4 Nf5 15. Qxd6 cxd6 16. Bd2 0-0-0 17. Na3 Rhe8 18. Rad1 Kb8 19. f3 f6 20. Kf2 Re7 21. Rfe1 Rde8 22. Bc1 h5 23. Nb5 h4 24. Nxd6 Nxd6 25. Rxd6 h3 26. Bf4 hxg2 27. Kxg2 Kc8 28. Kf2 Nf7 29. Rdd1 g5 30. Bg3 Ne5 31. b4 Ng6 32. Bd3 Rxe1 33. Rxe1 Rxe1 34. Kxe1 Ne5 35. Bxe5 fxe5 36. Kf2 Kc7 37. Ke3 1/2-1/2